| 000 | 00392pam a2200157 a 4500 | ||
|---|---|---|---|
| 020 |
_a978-904760-18-4 _c |
||
| 041 | _h | ||
| 100 |
_aJENI WRIGHT , _eAuthor |
||
| 245 |
_aTHE COOKS BIBLE _cJENI WRIGHT , _hTextual Documents |
||
| 250 | _a1st | ||
| 260 |
_alondon _bCarroll& Brown Pub |
||
| 300 | _a352 | ||
| 653 | _afood producation | ||
| 700 |
_aERIC TRUILLE _eCo-Author |
||
| 930 | _a4862 | ||
| 999 |
_c232259 _d232259 |
||